LEADER 00747nam0-22002891i-450- 001 990003267420403321 005 20160129120327.0 035 $a000326742 035 $aFED01000326742 035 $a(Aleph)000326742FED01 035 $a000326742 100 $a20030910d1930----km-y0itay50------ba 101 0 $afre 105 $ay-------001yy 200 1 $a<>Macédoine$eson evolution contemporaine 210 $aParis$cDelagrave$d1930 215 $a352 p. 610 0 $aGrecia 676 $a072 700 1$aAncel,$bJacques$f<1882-1943>$0129508 801 0$aIT$bUNINA$gRICA$2UNIMARC 901 $aBK 912 $a990003267420403321 952 $a072.000.ANC$b9151$fDECGE 959 $aDECGE 996 $aMacédoine$91496534 997 $aUNINA